Normal view
MARC view
- Environmental engineering
Entry Topical Term
001 - CONTROL NUMBER
- control field: 5203
003 - CONTROL NUMBER IDENTIFIER
- control field: NUST
005 - DATE AND TIME OF LATEST TRANSACTION
- control field: 20171004114550.0
008 - FIXED-LENGTH DATA ELEMENTS
- fixed length control field: 171004|| aca||aabn | a|a d
040 ## - CATALOGING SOURCE
- Original cataloging agency: NUST
- Transcribing agency: NUST
150 ## - HEADING--TOPICAL TERM
- Topical term or geographic name entry element: Environmental engineering
- Form subdivision: Examinations, questions, etc.
670 ## - SOURCE DATA FOUND
- Source citation: Work cat.: (NUST)0: Lindeburg, Michael R. 5201, Environmental engineering reference manual for the PE exam /, 2003.
